Poèmes du XXème siècle - Statistiques

Statistiques générales
  • Ce quiz a été pris 151 fois
  • Le résultat moyen est 6 sur 20
Statistiques - réponses
Extrait Auteur % Correct
Rappelle-toi Barbara Il pleuvait sans cesse sur Brest ce jour-là Jacques Prévert
80%
Et par le pouvoir d’un mot Je recommence ma vie Je suis né pour te connaître Pour te nommer Liberté Paul Eluard
75%
Monsieur le Président Je vous fais une lettre Que vous lirez peut-être Si vous avez le temps Boris Vian
67%
Vienne la nuit sonne l’heure Les jours s’en vont je demeure Guillaume Apollinaire
67%
Tes yeux sont si profonds qu’en me penchant pour boire J’ai vu tous les soleils y venir se mirer Louis Aragon
65%
Si tu t'imagines si tu t'imagines fillette fillette  si tu t'imagines xa va xa va xa  va durer toujours  la saison des za  la saison des za saison des amours Raymond Queneau
32%
j’ai rêvé tellement fort de toi, J’ai tellement marché, tellement parlé, Tellement aimé ton ombre, Qu’il ne me reste plus rien de toi. Robert Desnos
26%
Impose ta chance, Serre ton bonheur et va vers ton risque. A te regarder, ils s'habitueront. René Char
21%
Le bonheur est dans le pré cours-y vite cours-y vite le bonheur est dans le pré cours-y vite il va filer Paul Fort
20%
Ma bouche sera la bouche des malheurs qui n'ont point de bouches. Ma voix la liberté de celles qui s'affaissent au cachot du désespoir Aimé Césaire
18%
A l'intérieur l'on trouve tout un monde, à boire et à manger : sous un firmament (à proprement parler) de nacre, les cieux d'en-dessus s'affaissent sur les cieux d'en-dessous, pour ne plus former qu'une mare, un sachet visqueux et verdâtre, qui flue et reflue à l'odeur et à la vue, frangé d'une dentelle noirâtre sur les bords. Francis Ponge
18%
Femme nue, femme noire Vêtue de ta couleur qui est vie, de ta forme qui est beauté! Léopold Sédar Senghor
14%
J’avais un cheval dans un champ de ciel et je m’envolais dans le jour ardent Jules Supervielle
11%
Quand tu aimes il faut partir Quitte ta femme quitte ton enfant Quitte ton ami quitte ton amie Quitte ton amante quitte ton amant Quand tu aimes il faut partir Blaise Cendrars
10%
J’ai ancré l’espérance Aux racines de la vie Face aux ténèbres J’ai dressé des clartés Planté des flambeaux A la lisière des nuits Andrée Chedid
7%
Je veux dédier ce poème A toutes les femmes qu'on aime Pendant quelques instants secrets Antoine Pol
7%
Quoi qu'a dit ? - A dit rin. Quoi qu'a fait ? - A fait rin. A quoi qu'a pense ? - A pense à rin. Jean Tardieu
7%
J'aime l'âne si doux marchant le long des houx. Francis Jammes
6%
Je te reconnaîtrai aux algues de la mer Au sel de tes cheveux aux herbes de tes mains Je te reconnaîtrai au profond des paupières Je fermerai les yeux tu me prendras la main Claude Roy
3%
Ils sont appuyés contre le ciel Ils sont une trentaine appuyés contre le ciel Avec toute la vie derrière eux René-Guy Cadou
2%
Aucun quiz correspondant
Distribution des résultats
% des personnes avec chaque résultat
Percentile par nombre de réponses
Votre historique - résultats
Vous n’avez pas pris ce quiz